Catálogo
 En Linea

Notas sobre Haití. (Registro nro. 20184)

Detalles MARC
000 -CABECERA
campo de control de longitud fija 00599nam a2200205 a 4500
001 - NÚMERO DE CONTROL
campo de control 000020680
003 - IDENTIFICADOR DEL NÚMERO DE CONTROL
campo de control OSt
005 - FECHA Y HORA DE LA ÚLTIMA TRANSACCIÓN
campo de control 20240508073815.0
008 - DATOS DE LONGITUD FIJA--INFORMACIÓN GENERAL
campo de control de longitud fija 100812s2016 000 0 spa d
020 ## - NÚMERO INTERNACIONAL ESTÁNDAR DEL LIBRO
Número Internacional Estándar del Libro 9789945586800
040 ## - FUENTE DE LA CATALOGACIÓN
Centro catalogador/agencia de origen DO-SdBNP
Lengua de catalogación spa
Centro/agencia transcriptor BNPHU
082 ## - NÚMERO DE LA CLASIFICACIÓN DECIMAL DEWEY
Número de documento/Ítem M156n
100 1# - ENTRADA PRINCIPAL--NOMBRE DE PERSONA
Nombre de persona Mackenzie, Charles
9 (RLIN) 43432
245 10 - MENCIÓN DE TÍTULO
Título Notas sobre Haití.
Mención de responsabilidad, etc. Charles Mackenzie
260 ## - PUBLICACIÓN, DISTRIBUCIÓN, ETC.
Lugar de publicación, distribución, etc. Santo Domingo :
Fecha de publicación, distribución, etc. 2016,
Nombre del editor, distribuidor, etc. Archivo General de la Naciòn
300 ## - DESCRIPCIÓN FÍSICA
Extensión 500 p. ;
Dimensiones 24 cm
490 ## - MENCIÓN DE SERIE
Mención de serie Archivo General de la Naciòn
Designación de volumen o secuencia CCLXXXL
700 ## - PUNTO DE ACCESO ADICIONAL--NOMBRE DE PERSONA
Nombre de persona Martì Chabebe, Josè
Término indicativo de función/relación Traductor
9 (RLIN) 76569
942 ## - ELEMENTOS DE PUNTO DE ACCESO ADICIONAL (KOHA)
Fuente del sistema de clasificación o colocación Dewey Decimal Classification
Tipo de ítem Koha Libros y folletos
Existencias
Estado de retiro Estado de pérdida Restricciones de uso No para préstamo Código de colección Localización permanente Ubicación/localización actual Ubicación en estantería Fecha de adquisición Número de inventario Total de préstamos Signatura topográfica completa Código de barras Fecha visto por última vez Precio válido a partir de Tipo de ítem Koha
        Monografías: Libros y Folletos Patrimonio Dominicano Patrimonio Dominicano Orden iniciada 10.06.2013 LF1   20680-10 25.06.2020 25.06.2020 Préstamo en sala

Con tecnología Koha